Great tales and poems / (Record no. 20)

MARC details
000 -LEADER
fixed length control field 00865cam a2200289 a 4500
001 - CONTROL NUMBER
control field 15749682
003 - CONTROL NUMBER IDENTIFIER
control field OSt
005 - DATE AND TIME OF LATEST TRANSACTION
control field 20250417133936.0
008 - FIXED-LENGTH DATA ELEMENTS--GENERAL INFORMATION
fixed length control field 090525s2009 nyu b 000 0 eng
010 ## - LIBRARY OF CONGRESS CONTROL NUMBER
LC control number 2009021005
020 ## - INTERNATIONAL STANDARD BOOK NUMBER
International Standard Book Number 9780307474773
040 ## - CATALOGING SOURCE
Original cataloging agency DLC
Transcribing agency DLC
Modifying agency YDX
-- BTCTA
-- YDXCP
-- ZS3
-- DLC
050 00 - LIBRARY OF CONGRESS CALL NUMBER
Classification number PS2603
Item number 2009
082 00 - DEWEY DECIMAL CLASSIFICATION NUMBER
Classification number 818.309
Edition information 22
Item number Ed Gr
100 1# - MAIN ENTRY--PERSONAL NAME
Personal name Poe, Edgar Allan,
Dates associated with a name 1809-1849.
9 (RLIN) 11
240 10 - UNIFORM TITLE
Uniform title Works.
Form subheading Selections.
Date of a work 2009
245 10 - TITLE STATEMENT
Title Great tales and poems /
Statement of responsibility, etc. Edgar Allan Poe.
250 ## - EDITION STATEMENT
Edition statement 1st Vintage classics ed.
260 ## - PUBLICATION, DISTRIBUTION, ETC.
Place of publication, distribution, etc. New York :
Name of publisher, distributor, etc. Vintage Books,
Date of publication, distribution, etc. 2009.
300 ## - PHYSICAL DESCRIPTION
Extent vi, 249 p. ;
Dimensions 21 cm.
490 1# - SERIES STATEMENT
Series statement Vintage classics
504 ## - BIBLIOGRAPHY, ETC. NOTE
Bibliography, etc. note Includes bibliographical references.
650 #0 - SUBJECT ADDED ENTRY--TOPICAL TERM
Topical term or geographic name entry element Fantasy literature, American.
9 (RLIN) 12
650 #0 - SUBJECT ADDED ENTRY--TOPICAL TERM
Topical term or geographic name entry element Horror tales, American.
9 (RLIN) 13
830 #0 - SERIES ADDED ENTRY--UNIFORM TITLE
Uniform title Vintage classics.
9 (RLIN) 14
942 ## - ADDED ENTRY ELEMENTS (KOHA)
Source of classification or shelving scheme Dewey Decimal Classification
Koha item type Book
Holdings
Withdrawn status Lost status Source of classification or shelving scheme Damaged status Not for loan Home library Current library Date acquired Cost, normal purchase price Total checkouts Full call number Barcode Date last seen Cost, replacement price Price effective from Koha item type
    Dewey Decimal Classification     KCST Library KCST Library 13/10/2019 4.01   818.309 Ed Gr 1000000121 13/10/2019 4.01 13/10/2019 Book
© 2025 KCST. All rights reserved